Quiz sur l'équipe de France de football - Statistiques

Statistiques générales
  • Ce quiz a été pris 57 fois
  • Le résultat moyen est 12 sur 15
Statistiques - réponses
Question Réponse % Correct
Combien de Coupe du monde la France a gagné ? 2
100%
Quel est le stade principale de la France ? Le Stade de France
100%
Qui a remporté la Coupe du Monde en tant qu'entraîneur et en tant que joueur ? Didier Deschamps
89%
Quel joueur de la France a remporté le plus de Ballon d'Or ? Michel Platini
89%
Qui est le meilleur buteur de la France ? Olivier Giroud
89%
Contre qui la France a gagné 14-0, sa plus large victoire ? Gibraltar
87%
Contre qui la France a gagné sa première Coupe du Monde ? Le Brésil
87%
Qui a mis un coup de boule en finale de Coupe du monde 2006 ? Zinedine Zidane
87%
Quelle est le premier trophée de la France et en quelle année ? Euro 1984
85%
Contre qui la France a perdu la finale de la Coupe du Monde 2022 ? L'Argentine
85%
Qui est le joueur le plus capé ? Hugo Lloris
81%
Qui a mis le but en or en finale de l'Euro 2000 ? David Trzeguet
70%
Contre qui la France a joué son premier match ? Belgique
49%
En quelle année l'équipe de France masculine a été crée ? 1904
43%
Contre qui la France a perdu 17-1, sa plus large défaite ? Danemark
15%
Aucun quiz correspondant
Distribution des résultats
% des personnes avec chaque résultat
Percentile par nombre de réponses
Votre historique - résultats
Vous n’avez pas pris ce quiz